| 000 | 00740nam a2200229Ia 4500 | ||
|---|---|---|---|
| 003 | IN-BaIIA | ||
| 008 | 211028s9999 xx 000 0 eng d | ||
| 020 | _a1-85233-099-6 | ||
| 040 | _cIIA Library | ||
| 080 |
_a523.34 _bHAR |
||
| 100 |
_aHarland, D M _924054 |
||
| 245 | 0 |
_aExploring the moon _bthe Apollo expeditions _cD. M. Harland |
|
| 260 |
_aLondon _bSpringer-Verlag _c1999 |
||
| 300 | _axxxi, 411p. | ||
| 490 | _aSpringer - Praxis series in space science and technology | ||
| 650 |
_aLune _924055 |
||
| 650 | _aMoon - exploration | ||
| 650 |
_aProject Apollo (U.S.) - history _924056 |
||
| 650 |
_aSpace flight to the moon _924057 |
||
| 650 |
_aVol spatial _924058 |
||
| 942 | _cBK | ||
| 999 |
_c13692 _d13692 |
||